[Event "Bundesliga 2324"]
[Site "Germany"]
[Date "2024.03.16"]
[Round "12.7"]
[White "Ferreira, Jorge Viterbo"]
[Black "Fromm, Marius"]
[Result "0-1"]
[WhiteElo "2525"]
[BlackElo "2472"]
[PlyCount "100"]
[EventDate "2023.10.21"]
[EventType "team-tourn"]
[EventRounds "15"]
[EventCountry "GER"]
[SourceTitle "CB13_2024"]
[SourceDate "2024.03.27"]
[SourceVersion "1"]
[SourceVersionDate "2024.03.27"]
[SourceQuality "1"]
[WhiteTeam "Heimbach Weis Neuwied"]
[BlackTeam "Kiel Turm"]
[WhiteTeamCountry "GER"]
[BlackTeamCountry "GER"]

1. c4 e5 2. g3 c6 3. d4 Bb4+ 4. Bd2 Bxd2+ 5. Qxd2 d6 6. Nc3 Nf6 7. Bg2 Nbd7 8. e3 0-0 9. Nge2 Re8 10. Qc2 Qe7 11. b3 e4 12. h3 Nf8 13. a4 Ng6 14. a5 Bd7 15. 0-0 h5 16. Nf4 Nxf4 17. exf4 Bf5 18. Kh2 d5 19. Nd1 Qd6 20. Ne3 Be6 21. Qc3 h4 22. Rfd1 g6 23. c5 Qc7 24. a6 b6 25. cxb6 Qxb6 26. Nc2 Rab8 27. b4 Kg7 28. Kg1 Qc7 29. Qe3 Nh5 30. f5 Bd7 31. Ra3 Rh8 32. fxg6 f5 33. Qg5 Nf6 34. Rc1 Rh5 35. Qd2 Kxg6 36. Bf1 Rg5 37. Kh2 Nh5 38. Qe1 hxg3+ 39. fxg3 f4 40. g4 f3+ 41. Kg1 Bxg4 42. h4 Rf5 43. Qf2 Rg8 44. Ne3 Kh7 45. Kh1 Ng3+ 46. Kg1 Rh5 47. Qh2 Ne2+ 48. Bxe2 Bd7+ 49. Kh1 Qxh2+ 50. Kxh2 Rxh4# 0-1

[Event "NED-chT 2324"]
[Site "Netherlands"]
[Date "2023.09.16"]
[Round "1.1"]
[White "Kuipers, Stefan"]
[Black "Ferreira, Jorge Viterbo"]
[Result "0-1"]
[WhiteElo "2448"]
[BlackElo "2521"]
[PlyCount "86"]
[EventDate "2023.09.16"]
[EventType "team-tourn"]
[EventRounds "9"]
[EventCountry "NED"]
[SourceTitle "EXT 2024"]
[Source "ChessBase"]
[SourceDate "2023.10.10"]
[SourceVersion "1"]
[SourceVersionDate "2023.10.10"]
[SourceQuality "1"]
[WhiteTeam "Apeldoorn"]
[BlackTeam "Den Bosch HMC"]
[WhiteTeamCountry "NED"]
[BlackTeamCountry "NED"]

1. e4 e5 2. Nf3 Nc6 3. Bc4 Nf6 4. d3 Bc5 5. c3 a6 6. Bg5 h6 7. Bh4 Be7 8. Bg3 d6 9. a4 0-0 10. 0-0 Be6 11. Nbd2 Bxc4 12. Nxc4 g6 13. b4 Nh5 14. b5 Nb8 15. Qb3 Nd7 16. d4 Nxg3 17. hxg3 axb5 18. Qxb5 exd4 19. cxd4 Ra7 20. Rfe1 c6 21. Qb3 Nf6 22. d5 cxd5 23. exd5 Nxd5 24. Na3 Nf6 25. Nb5 Ra6 26. Qe3 Re8 27. Qxh6 Bf8 28. Qh4 Rxe1+ 29. Rxe1 d5 30. Ng5 Bg7 31. Qf4 Rc6 32. Rd1 Qe7 33. Qb8+ Bf8 34. Nf3 Rc4 35. a5 Ra4 36. Nc7 Rxa5 37. Re1 Qc5 38. Qxb7 Ne4 39. Nxd5 Qxf2+ 40. Kh1 Ra2 41. Nf4 Nxg3+ 42. Kh2 Nh5 43. Re8 Qg3+ 0-1

[Event "ESP-chT CECLUB Div1"]
[Site "Linares"]
[Date "2023.08.26"]
[Round "7.3"]
[White "Rodriguez Ferreiros, Andres"]
[Black "Ferreira, Jorge Viterbo"]
[Result "0-1"]
[WhiteElo "2130"]
[BlackElo "2529"]
[PlyCount "56"]
[EventDate "2023.08.20"]
[EventType "team-tourn"]
[EventRounds "7"]
[EventCountry "ESP"]
[SourceTitle "CBM 215 Extra"]
[Source "ChessBase"]
[SourceDate "2023.09.30"]
[SourceVersion "1"]
[SourceVersionDate "2023.09.30"]
[SourceQuality "1"]
[WhiteTeam "Sanxenxo Fontecarmoa"]
[BlackTeam "Ourense"]
[WhiteTeamCountry "ESP"]
[BlackTeamCountry "ESP"]

1. e4 g6 2. d4 Bg7 3. Nc3 d6 4. Be3 a6 5. Qd2 b5 6. a3 Nd7 7. 0-0-0 Bb7 8. h4 h6 9. h5 g5 10. Nge2 Ngf6 11. d5 Ng4 12. Nd4 Nxe3 13. Qxe3 Ne5 14. g3 g4 15. Kb1 Bf6 16. a4 bxa4 17. Nxa4 Qb8 18. b3 Bc8 19. Qe1 Bd7 20. Qa5 Qd8 21. Nb2 c5 22. Qxd8+ Kxd8 23. Nf5 a5 24. Nc4 a4 25. Nfe3 Kc7 26. bxa4 Rxa4 27. Kc1 Nxc4 28. Bxc4 Bc3 0-1

[Event "ESP-chT CECLUB Div1"]
[Site "Linares"]
[Date "2023.08.24"]
[Round "5.3"]
[White "Aloma Vidal, Roberto"]
[Black "Ferreira, Jorge Viterbo"]
[Result "1/2-1/2"]
[WhiteElo "2443"]
[BlackElo "2529"]
[PlyCount "63"]
[EventDate "2023.08.20"]
[EventType "team-tourn"]
[EventRounds "7"]
[EventCountry "ESP"]
[SourceTitle "CBM 215 Extra"]
[Source "ChessBase"]
[SourceDate "2023.09.30"]
[SourceVersion "1"]
[SourceVersionDate "2023.09.30"]
[SourceQuality "1"]
[WhiteTeam "Barcelona CE"]
[BlackTeam "Ourense"]
[WhiteTeamCountry "ESP"]
[BlackTeamCountry "ESP"]

1. e4 c5 2. c3 d5 3. exd5 Qxd5 4. d4 e6 5. Nf3 Nf6 6. Na3 Qd8 7. Nc2 Nbd7 8. Bd3 Qc7 9. 0-0 Be7 10. Bg5 0-0 11. Qe2 b6 12. Bh4 Bb7 13. Bg3 Qc6 14. Rfe1 Nh5 15. d5 Nxg3 16. Bxh7+ Kh8 17. hxg3 Qxd5 18. Rad1 Qc6 19. Bd3 a6 20. Ne3 Kg8 21. Nc4 Rfd8 22. Bc2 Qc7 23. a4 b5 24. Nce5 Bxf3 25. Nxf3 Rab8 26. axb5 axb5 27. Qe4 Nf8 28. Ne5 Bf6 29. Ng4 Be7 30. Ne5 Bf6 31. Ng4 Be7 32. Ne5 1/2-1/2

[Event "POR-chT"]
[Site "Sao Joao da Madeira"]
[Date "2023.07.18"]
[Round "2.2"]
[White "Ferreira, Jorge Viterbo"]
[Black "Plat, Vojtech"]
[Result "1-0"]
[WhiteElo "2518"]
[BlackElo "2516"]
[PlyCount "75"]
[EventDate "2023.07.17"]
[EventType "team-tourn"]
[EventRounds "9"]
[EventCountry "POR"]
[SourceTitle "CBM 215 Extra"]
[Source "ChessBase"]
[SourceDate "2023.09.30"]
[SourceVersion "1"]
[SourceVersionDate "2023.09.30"]
[SourceQuality "1"]
[WhiteTeam "Dias Ferreira"]
[BlackTeam "EPGaia"]
[WhiteTeamCountry "POR"]
[BlackTeamCountry "POR"]

1. c4 d6 2. g3 e5 3. Nc3 g6 4. Bg2 Bg7 5. b4 Ne7 6. d3 0-0 7. Rb1 f5 8. e3 a5 9. b5 e4 10. Bb2 exd3 11. Qxd3 Nd7 12. Nf3 Nc5 13. Qc2 Be6 14. Na4 Bxb2 15. Rxb2 Nxa4 16. Qxa4 Nc8 17. Nd4 Nb6 18. Qd1 Bxc4 19. Bxb7 Rb8 20. Bf3 Qf6 21. Be2 Qf7 22. Bxc4 Nxc4 23. Rb3 Ne5 24. 0-0 Nd7 25. a4 Nc5 26. Ra3 Rfe8 27. Nb3 Nxb3 28. Rxb3 Qc4 29. Rb1 Re4 30. Rc1 Qf7 31. Qc2 d5 32. Rfd1 Rc4 33. Qa2 Rxc1 34. Rxc1 Rd8 35. Qd2 d4 36. exd4 Qb3 37. Rxc7 Qxa4 38. Qh6 1-0

[Event "POR-chT"]
[Site "Sao Joao da Madeira"]
[Date "2023.07.18"]
[Round "3.5"]
[White "Garcia Molina, Jose"]
[Black "Ferreira, Jorge Viterbo"]
[Result "0-1"]
[WhiteElo "2261"]
[BlackElo "2518"]
[PlyCount "56"]
[EventDate "2023.07.17"]
[EventType "team-tourn"]
[EventRounds "9"]
[EventCountry "POR"]
[SourceTitle "CBM 215 Extra"]
[Source "ChessBase"]
[SourceDate "2023.09.30"]
[SourceVersion "1"]
[SourceVersionDate "2023.09.30"]
[SourceQuality "1"]
[WhiteTeam "Ferroviarios do Barreiro"]
[BlackTeam "Dias Ferreira"]
[WhiteTeamCountry "POR"]
[BlackTeamCountry "POR"]

1. d4 d5 2. c4 e6 3. Nf3 Nf6 4. g3 h6 5. Bg2 Bd6 6. 0-0 0-0 7. Nbd2 b6 8. Qc2 Bb7 9. cxd5 exd5 10. b3 Re8 11. e3 c5 12. Bb2 Nc6 13. dxc5 bxc5 14. a3 Rc8 15. Rac1 Nb8 16. Qb1 a5 17. Qa1 Nbd7 18. Bh3 Rc6 19. Rfd1 Bf8 20. Ne5 Nxe5 21. Bxe5 Qe7 22. Bc3 Ra6 23. Bg2 Ng4 24. Nf1 d4 25. Bxb7 Qxb7 26. exd4 Re2 27. Be1 Rf6 28. Rd2 Nxf2 0-1

[Event "Helmond Rapid op"]
[Site "Helmond"]
[Date "2023.06.10"]
[Round "9"]
[White "Ferreira, Jorge Viterbo"]
[Black "Adavatkar, Rugved"]
[Result "1-0"]
[WhiteElo "2518"]
[BlackElo "1674"]
[PlyCount "47"]
[EventDate "2023.06.10"]
[EventType "swiss (rapid)"]
[EventRounds "9"]
[EventCountry "NED"]
[SourceTitle "CBM 214 Extra"]
[Source "ChessBase"]
[SourceDate "2023.07.31"]
[SourceVersion "1"]
[SourceVersionDate "2023.07.31"]
[SourceQuality "1"]

1. c4 c6 2. Nf3 Nf6 3. g3 g6 4. b3 Bg7 5. Bb2 0-0 6. Bg2 d6 7. d4 d5 8. 0-0 Re8 9. Nc3 a6 10. e3 Ne4 11. Nxe4 dxe4 12. Nd2 f5 13. f3 c5 14. fxe4 cxd4 15. Bxd4 Bxd4 16. exd4 Qxd4+ 17. Kh1 Nc6 18. Qe2 Be6 19. Rae1 Rad8 20. Nf3 Qxe4 21. Qf2 Qd4 22. Nxd4 Nxd4 23. Rxe6 Nxe6 24. Bd5 1-0

[Event "Helmond Rapid op"]
[Site "Helmond"]
[Date "2023.06.10"]
[Round "8"]
[White "Verhoeven, Robin"]
[Black "Ferreira, Jorge Viterbo"]
[Result "0-1"]
[WhiteElo "1992"]
[BlackElo "2518"]
[PlyCount "112"]
[EventDate "2023.06.10"]
[EventType "swiss (rapid)"]
[EventRounds "9"]
[EventCountry "NED"]
[SourceTitle "CBM 214 Extra"]
[Source "ChessBase"]
[SourceDate "2023.07.31"]
[SourceVersion "1"]
[SourceVersionDate "2023.07.31"]
[SourceQuality "1"]

1. e4 Nf6 2. e5 Nd5 3. d4 d6 4. c4 Nb6 5. f4 dxe5 6. fxe5 Nc6 7. Be3 Bf5 8. Nc3 e6 9. Nf3 Be7 10. Be2 0-0 11. 0-0 f6 12. Qe1 Nb4 13. Qd2 Nc2 14. Rad1 fxe5 15. Nxe5 Nxe3 16. Qxe3 Bg5 17. Qg3 c6 18. Bg4 Bxg4 19. Rxf8+ Qxf8 20. Qxg4 Qf5 21. Qe2 Rf8 22. b3 Bf4 23. Nf3 Nd7 24. Re1 Re8 25. Qe4 Qxe4 26. Rxe4 Bc7 27. d5 Nc5 28. Re2 Ba5 29. Ne4 Nd3 30. Neg5 cxd5 31. Rxe6 Rxe6 32. Nxe6 dxc4 33. bxc4 h6 34. Kf1 Bb6 35. a3 Kf7 36. Ned4 Bc5 37. Nc2 Ke6 38. g3 Ne5 39. Nd2 Kf5 40. h3 h5 41. Ke2 g5 42. Nb3 b6 43. Nd2 g4 44. h4 Nc6 45. Kd3 Ne5+ 46. Ke2 Nd7 47. Kd3 Nf6 48. Nf1 Ke5 49. Nd2 Bf2 50. Nf1 Ne4 51. Nb4 Nxg3 52. Nd2 Nf5 53. Nc6+ Kf4 54. Nxa7 g3 55. Ke2 Bc5 56. Kf1 Nxh4 0-1

[Event "Olympiad-44"]
[Site "Chennai"]
[Date "2022.08.08"]
[Round "10.1"]
[White "Quesada Perez, Yasser"]
[Black "Ferreira, Jorge Viterbo"]
[Result "1/2-1/2"]
[WhiteElo "2568"]
[BlackElo "2499"]
[PlyCount "73"]
[EventDate "2022.07.29"]
[EventType "team-swiss"]
[EventRounds "11"]
[EventCountry "IND"]
[SourceTitle "CBM 210"]
[Source "ChessBase"]
[SourceDate "2022.10.31"]
[SourceVersion "1"]
[SourceVersionDate "2022.10.31"]
[SourceQuality "1"]
[WhiteTeam "Cuba"]
[BlackTeam "Portugal"]
[WhiteTeamCountry "CUB"]
[BlackTeamCountry "POR"]

1. d4 d5 2. Bf4 Nf6 3. e3 e6 4. Nf3 Bd6 5. c3 0-0 6. Bd3 b6 7. Qe2 Bxf4 8. exf4 a5 9. 0-0 Ba6 10. Bxa6 Nxa6 11. Ne5 Qc8 12. Nd2 Qb7 13. h4 c5 14. h5 cxd4 15. cxd4 Rfc8 16. Rac1 Rxc1 17. Rxc1 Rc8 18. Rc3 Rxc3 19. bxc3 Nc7 20. h6 gxh6 21. Qd3 Nce8 22. Qh3 Kg7 23. Nf1 Qe7 24. Ne3 Nd6 25. Qh4 Ng8 26. Qg4+ Kf8 27. f5 Nxf5 28. Nxf5 exf5 29. Qxf5 Nf6 30. Qf4 Kg7 31. f3 Qa3 32. Qd2 Qe7 33. Qb2 Nd7 34. Nxd7 Qe1+ 35. Kh2 Qh4+ 36. Kg1 Qe1+ 37. Kh2 1/2-1/2

[Event "Olympiad-44"]
[Site "Chennai"]
[Date "2022.08.02"]
[Round "5.1"]
[White "Ragger, Markus"]
[Black "Ferreira, Jorge Viterbo"]
[Result "1/2-1/2"]
[WhiteElo "2647"]
[BlackElo "2499"]
[PlyCount "60"]
[EventDate "2022.07.29"]
[EventType "team-swiss"]
[EventRounds "11"]
[EventCountry "IND"]
[SourceTitle "CBM 210"]
[Source "ChessBase"]
[SourceDate "2022.10.31"]
[SourceVersion "1"]
[SourceVersionDate "2022.10.31"]
[SourceQuality "1"]
[WhiteTeam "Austria"]
[BlackTeam "Portugal"]
[WhiteTeamCountry "AUT"]
[BlackTeamCountry "POR"]

1. e4 e5 2. Nf3 Nf6 3. Nxe5 d6 4. Nf3 Nxe4 5. d4 d5 6. Bd3 Bf5 7. 0-0 Be7 8. Re1 0-0 9. Nbd2 Nd6 10. Nf1 Bxd3 11. Qxd3 c6 12. Bf4 Na6 13. h4 Nc7 14. Ng5 g6 15. Ne3 h6 16. Nf3 h5 17. Rac1 Bf6 18. Be5 Ne6 19. g3 Re8 20. b3 Bg7 21. c4 dxc4 22. bxc4 Bxe5 23. dxe5 Nf5 24. Qxd8 Raxd8 25. Nxf5 gxf5 26. Rcd1 Kg7 27. Kg2 f6 28. Kf1 fxe5 29. Nxe5 Nc5 30. Nf3 Rxe1+ 1/2-1/2

[Event "Novi Sad Serbia op-A"]
[Site "Novi Sad"]
[Date "2022.07.06"]
[Round "9"]
[White "Ferreira, Jorge Viterbo"]
[Black "Sachdev, Tania"]
[Result "1/2-1/2"]
[WhiteElo "2499"]
[BlackElo "2399"]
[PlyCount "107"]
[EventDate "2022.06.28"]
[EventType "swiss"]
[EventRounds "9"]
[EventCountry "SRB"]
[SourceTitle "EXT 2023"]
[Source "ChessBase"]
[SourceDate "2022.10.05"]
[SourceVersion "1"]
[SourceVersionDate "2022.10.05"]
[SourceQuality "1"]

1. e4 e5 2. Nf3 Nc6 3. Nc3 Nf6 4. Bb5 Bb4 5. 0-0 0-0 6. Bxc6 dxc6 7. d3 Re8 8. Ne2 Nd7 9. Bg5 Be7 10. Bxe7 Qxe7 11. Qd2 c5 12. b3 Nf8 13. h3 b6 14. a4 Bb7 15. Nh2 Rad8 16. Qe3 Ne6 17. Ng4 Nd4 18. Nxd4 cxd4 19. Qg3 Bc8 20. f4 Bxg4 21. Qxg4 exf4 22. Rxf4 c5 23. Raf1 Rf8 24. Rf5 Rd6 25. Qf3 g6 26. Qg3 Re6 27. R5f3 a6 28. h4 Re5 29. Rf6 Re6 30. Qf4 h5 31. Qf2 Rxf6 32. Qxf6 Qe6 33. Qg5 Kg7 34. a5 f6 35. Qg3 bxa5 36. Qc7+ Rf7 37. Qxc5 Qe5 38. Qb6 Rd7 39. Qxa6 Rc7 40. Rf2 f5 41. Qa8 fxe4 42. dxe4 Rf7 43. Rxf7+ Kxf7 44. Qc6 Qg3 45. Qc4+ Ke7 46. Qc5+ Kf7 47. Qd5+ Ke7 48. Qb7+ Ke6 49. Qa6+ Ke7 50. Qb7+ Ke6 51. Qc8+ Ke7 52. Qc5+ Ke6 53. Qd5+ Ke7 54. Qc5+ 1/2-1/2

[Event "Novi Sad Serbia op-A"]
[Site "Novi Sad"]
[Date "2022.07.04"]
[Round "7"]
[White "Ferreira, Jorge Viterbo"]
[Black "Pasti, Aron"]
[Result "1-0"]
[WhiteElo "2499"]
[BlackElo "2365"]
[PlyCount "75"]
[EventDate "2022.06.28"]
[EventType "swiss"]
[EventRounds "9"]
[EventCountry "SRB"]
[SourceTitle "EXT 2023"]
[Source "ChessBase"]
[SourceDate "2022.10.05"]
[SourceVersion "1"]
[SourceVersionDate "2022.10.05"]
[SourceQuality "1"]

1. e4 e5 2. Nf3 Nc6 3. Bb5 a6 4. Ba4 Nf6 5. 0-0 Be7 6. Re1 b5 7. Bb3 d6 8. c3 0-0 9. h3 Na5 10. Bc2 c5 11. d4 Qc7 12. d5 Nd7 13. b3 Re8 14. Be3 Bf8 15. Nfd2 Nb6 16. Qe2 f5 17. exf5 Nxd5 18. c4 Nxe3 19. fxe3 b4 20. Be4 Bb7 21. Qg4 Be7 22. Bxb7 Qxb7 23. Ne4 Rf8 24. Nbd2 Rad8 25. Rf1 Kh8 26. Rf3 Rf7 27. Qh5 Rdf8 28. h4 d5 29. cxd5 Qxd5 30. Raf1 h6 31. Ng5 Bxg5 32. hxg5 e4 33. R3f2 Qd3 34. Qh3 Nc6 35. f6 Ne5 36. fxg7+ Kxg7 37. Qxh6+ Kg8 38. g6 1-0

[Event "Novi Sad Serbia op-A"]
[Site "Novi Sad"]
[Date "2022.07.02"]
[Round "5"]
[White "Ferreira, Jorge Viterbo"]
[Black "Isik, Alparslan"]
[Result "1-0"]
[WhiteElo "2499"]
[BlackElo "2316"]
[PlyCount "81"]
[EventDate "2022.06.28"]
[EventType "swiss"]
[EventRounds "9"]
[EventCountry "SRB"]
[SourceTitle "EXT 2023"]
[Source "ChessBase"]
[SourceDate "2022.10.05"]
[SourceVersion "1"]
[SourceVersionDate "2022.10.05"]
[SourceQuality "1"]

1. e4 c6 2. Nf3 d5 3. d3 g6 4. e5 Bg4 5. Nbd2 c5 6. h3 Bxf3 7. Nxf3 Nc6 8. c3 Bg7 9. Bf4 f6 10. exf6 Nxf6 11. g3 0-0 12. Bg2 e5 13. Bg5 h6 14. Bxf6 Qxf6 15. 0-0 Kh7 16. Qc2 Rad8 17. Rae1 b5 18. a4 a6 19. axb5 axb5 20. h4 Kh8 21. Ra1 c4 22. dxc4 bxc4 23. Ra6 Rd6 24. Nh2 Qe6 25. Rd1 e4 26. Nf1 Rfd8 27. Ne3 Ne5 28. Rxd5 Qxd5 29. Nxd5 Rxa6 30. Bxe4 Rad6 31. Qa4 Re6 32. Nf4 Red6 33. Qb5 Kg8 34. Bd5+ Kh7 35. Bxc4 Rd1+ 36. Kg2 R1d2 37. Ne6 R8d6 38. Nxg7 Ng4 39. Be2 Rf6 40. Ne8 Rxf2+ 41. Kg1 1-0

[Event "Teplice op 15th"]
[Site "Teplice"]
[Date "2022.06.25"]
[Round "8"]
[White "Mikes, Jan"]
[Black "Ferreira, Jorge Viterbo"]
[Result "0-1"]
[WhiteElo "2342"]
[BlackElo "2512"]
[PlyCount "72"]
[EventDate "2022.06.18"]
[EventType "swiss"]
[EventRounds "9"]
[EventCountry "CZE"]
[SourceTitle "CBM 209 Extra"]
[Source "ChessBase"]
[SourceDate "2022.09.30"]
[SourceVersion "1"]
[SourceVersionDate "2022.09.30"]
[SourceQuality "1"]

1. d4 d5 2. Nc3 Nf6 3. Bf4 e6 4. Nb5 Na6 5. Nf3 c6 6. Nc3 Bb4 7. a3 Bxc3+ 8. bxc3 Ne4 9. Qd3 Qa5 10. Nd2 Qxc3 11. Qxc3 Nxc3 12. f3 Bd7 13. Nb3 c5 14. dxc5 f6 15. Bd6 Nb5 16. e4 Nxd6 17. cxd6 dxe4 18. fxe4 Rc8 19. Bxa6 bxa6 20. 0-0-0 e5 21. Na5 Be6 22. d7+ Bxd7 23. Rd6 Bb5 24. Rhd1 0-0 25. R1d2 Rc7 26. Kb2 Rfc8 27. a4 Bxa4 28. c4 Be8 29. g4 Kf8 30. h4 Ke7 31. g5 Bg6 32. gxf6+ gxf6 33. Rxa6 Rb8+ 34. Kc3 Rb6 35. Rxb6 axb6 36. Nb3 Bf7 0-1

[Event "POR-ch Blitz"]
[Site "Viseu"]
[Date "2022.06.11"]
[Round "11"]
[White "Ferreira, Jorge Viterbo"]
[Black "Martins, Bruno Andre Leite"]
[Result "1/2-1/2"]
[WhiteElo "2512"]
[BlackElo "2329"]
[PlyCount "139"]
[EventDate "2022.06.11"]
[EventType "swiss (blitz)"]
[EventRounds "11"]
[EventCountry "POR"]
[SourceTitle "CBM 208 Extra"]
[Source "ChessBase"]
[SourceDate "2022.07.31"]
[SourceVersion "1"]
[SourceVersionDate "2022.07.31"]
[SourceQuality "1"]

1. d4 Nf6 2. c4 g6 3. Nc3 Bg7 4. e4 d6 5. Nf3 0-0 6. Be2 e5 7. 0-0 exd4 8. Nxd4 Re8 9. f3 Nc6 10. Be3 Nh5 11. Qd2 Nf4 12. Rfd1 Bxd4 13. Bxd4 Nxd4 14. Qxd4 Nxe2+ 15. Nxe2 b6 16. Nc3 Bb7 17. Nd5 Bxd5 18. cxd5 Qg5 19. Rac1 Re7 20. Rc3 Rd8 21. Qd2 Qxd2 22. Rxd2 f5 23. exf5 gxf5 24. Rdc2 Rdd7 25. Kf2 a5 26. Kg3 Kf7 27. f4 Kf6 28. Kf2 Rg7 29. Rh3 Rg4 30. Rf3 Re7 31. h3 Rgg7 32. Rfc3 h5 33. g3 Rh7 34. a3 Reg7 35. Kf3 Rd7 36. b4 axb4 37. axb4 Rhe7 38. Ra2 Re4 39. Ra7 Rxb4 40. Rcxc7 Rxc7 41. Rxc7 Rb3+ 42. Kf2 Rd3 43. Rc6 Rxd5 44. Rxb6 Rd3 45. Rb8 Kg6 46. Rg8+ Kf6 47. h4 Rd2+ 48. Ke3 Ra2 49. Rg5 Ra3+ 50. Kf2 d5 51. Rxh5 Ra2+ 52. Kf3 Ra3+ 53. Kg2 Ra2+ 54. Kh3 d4 55. Rh8 Ke7 56. Rb8 Ra6 57. Rb3 Kd6 58. g4 fxg4+ 59. Kxg4 Kd5 60. h5 Ra1 61. Rb8 d3 62. Kf5 Kd4 63. Rd8+ Ke3 64. Kg5 Rg1+ 65. Kf5 Rh1 66. Kg6 Rg1+ 67. Kh6 Rf1 68. Kg5 Rg1+ 69. Kf5 Rh1 70. Kg5 1/2-1/2

[Event "POR-ch Rapid"]
[Site "Viseu"]
[Date "2022.06.11"]
[Round "5"]
[White "Ferreira, Jorge Viterbo"]
[Black "Rego, Pedro Filipe"]
[Result "0-1"]
[WhiteElo "2512"]
[BlackElo "2251"]
[PlyCount "154"]
[EventDate "2022.06.10"]
[EventType "swiss (rapid)"]
[EventRounds "8"]
[EventCountry "POR"]
[SourceTitle "CBM 208 Extra"]
[Source "ChessBase"]
[SourceDate "2022.07.31"]
[SourceVersion "1"]
[SourceVersionDate "2022.07.31"]
[SourceQuality "1"]

1. d4 Nf6 2. c4 c5 3. d5 b5 4. cxb5 a6 5. bxa6 g6 6. Nc3 Bg7 7. e4 0-0 8. Bc4 Qa5 9. a7 Rxa7 10. Bd2 Ra8 11. Nf3 d6 12. 0-0 Bg4 13. h3 Bxf3 14. Qxf3 Nbd7 15. Qe2 Rfb8 16. Nb5 Qd8 17. a4 Nb6 18. b3 Ne8 19. Ra2 Nc7 20. Nxc7 Qxc7 21. Bb5 Nd7 22. a5 Bd4 23. g3 Ra7 24. Kg2 Qb7 25. Ba4 Qc8 26. Rc1 Qd8 27. Be1 Kg7 28. Bb5 Rab7 29. Bc4 Ra7 30. Ra4 Ne5 31. b4 cxb4 32. Rxb4 Rc7 33. Rcb1 Rbc8 34. Bb3 Bc3 35. Bxc3 Rxc3 36. a6 Qa5 37. Ra4 Qc5 38. Bd1 Nd3 39. Rb3 Rxb3 40. Bxb3 Qc3 41. Rc4 Rxc4 42. Bxc4 Qxc4 43. a7 Nf4+ 44. gxf4 Qxe2 45. a8Q Qxe4+ 46. Kg3 Qd3+ 47. Kg2 Qd4 48. Kg3 h5 49. Qb7 h4+ 50. Kf3 Qd3+ 51. Kg2 Qe4+ 52. Kg1 Qe1+ 53. Kg2 Qe4+ 54. Kg1 Kf6 55. Qb2+ Kf5 56. Qg7 f6 57. Qh7 Qe1+ 58. Kg2 Qe4+ 59. Kg1 Qxf4 60. Qxe7 Qe5 61. Qd7+ Ke4 62. Qf7 Kf3 63. Qxg6 Qe1+ 64. Kh2 Qxf2+ 65. Kh1 Qf1+ 66. Kh2 Qe2+ 67. Kh1 Qe1+ 68. Kh2 Qe5+ 69. Kh1 Qe1+ 70. Kh2 Qg3+ 71. Qxg3+ hxg3+ 72. Kg1 f5 73. Kf1 g2+ 74. Kg1 Kg3 75. h4 f4 76. h5 f3 77. h6 f2# 0-1

[Event "POR-ch Rapid"]
[Site "Viseu"]
[Date "2022.06.11"]
[Round "6"]
[White "Ribeiro, Gustavo"]
[Black "Ferreira, Jorge Viterbo"]
[Result "0-1"]
[WhiteElo "1857"]
[BlackElo "2512"]
[PlyCount "76"]
[EventDate "2022.06.10"]
[EventType "swiss (rapid)"]
[EventRounds "8"]
[EventCountry "POR"]
[SourceTitle "CBM 208 Extra"]
[Source "ChessBase"]
[SourceDate "2022.07.31"]
[SourceVersion "1"]
[SourceVersionDate "2022.07.31"]
[SourceQuality "1"]

1. c4 e6 2. g3 d5 3. cxd5 exd5 4. Bg2 Nf6 5. d4 c6 6. Nf3 Bf5 7. Nc3 h6 8. 0-0 Nbd7 9. Re1 Be7 10. Nh4 Bh7 11. Qb3 Qb6 12. Qxb6 axb6 13. Bh3 g5 14. Bxd7+ Kxd7 15. Nf3 b5 16. Ne5+ Ke6 17. f4 b4 18. Nd1 Ne4 19. Nf2 Nxf2 20. Kxf2 Ra7 21. fxg5 hxg5 22. Nf3 f6 23. Nd2 Bg6 24. Kg1 Rha8 25. e4 dxe4 26. Nxe4 Kf7 27. Nc5 b6 28. Nb3 Rxa2 29. Rxa2 Rxa2 30. Nd2 Bd3 31. Re3 Bb5 32. Ne4 f5 33. Nf2 Bf6 34. Kg2 Bxd4 35. Rf3 Kg6 36. g4 f4 37. h4 c5 38. Kg1 Ra1 0-1

[Event "POR-ch Blitz"]
[Site "Viseu"]
[Date "2022.06.11"]
[Round "4"]
[White "Sousa, Andre Ventura"]
[Black "Ferreira, Jorge Viterbo"]
[Result "1/2-1/2"]
[WhiteElo "2420"]
[BlackElo "2512"]
[PlyCount "110"]
[EventDate "2022.06.11"]
[EventType "swiss (blitz)"]
[EventRounds "11"]
[EventCountry "POR"]
[SourceTitle "CBM 208 Extra"]
[Source "ChessBase"]
[SourceDate "2022.07.31"]
[SourceVersion "1"]
[SourceVersionDate "2022.07.31"]
[SourceQuality "1"]

1. Nf3 d5 2. b3 c5 3. e3 Nc6 4. Bb2 Nf6 5. Bb5 Bd7 6. Bxc6 Bxc6 7. Ne5 Rc8 8. 0-0 e6 9. d3 Be7 10. Nd2 0-0 11. Nxc6 Rxc6 12. Qe2 b5 13. a4 a6 14. axb5 axb5 15. Ra7 Rc7 16. Rxc7 Qxc7 17. Ra1 Qb7 18. e4 d4 19. Qd1 Ra8 20. Qb1 Nd7 21. Ra2 Nb8 22. Qa1 Rxa2 23. Qxa2 Nc6 24. Nf3 Nb4 25. Qb1 Qa7 26. Bc1 h6 27. Bd2 Nc6 28. h3 Bd8 29. Qb2 Ba5 30. Bf4 Bc3 31. Qb1 Nb4 32. Kf1 Qa1 33. Qxa1 Bxa1 34. Bd6 Nxc2 35. Bxc5 Bc3 36. Ke2 e5 37. Kd1 Na1 38. Nxe5 Nxb3 39. Bb6 Ba5 40. Bxa5 Nxa5 41. Kc2 Kf8 42. Nf3 Nc6 43. Nd2 Ke7 44. Nb3 Kd6 45. f4 g5 46. g3 f6 47. Kd2 Ke6 48. Ke2 h5 49. Kf3 Kd6 50. h4 g4+ 51. Ke2 Ke6 52. Kd2 Kd6 53. Kc2 Nb4+ 54. Kd2 Nc6 55. Kc2 Nb4+ 1/2-1/2

[Event "ESP-chT CECLUB Honor"]
[Site "Toledo"]
[Date "2021.10.15"]
[Round "5.3"]
[White "Ferreira, Jorge Viterbo"]
[Black "Nihal, Sarin"]
[Result "0-1"]
[WhiteElo "2516"]
[BlackElo "2652"]
[PlyCount "136"]
[EventDate "2021.10.11"]
[EventType "team-tourn"]
[EventRounds "7"]
[EventCountry "ESP"]
[SourceTitle "CBM 204 Extra"]
[Source "ChessBase"]
[SourceDate "2021.11.30"]
[SourceVersion "1"]
[SourceVersionDate "2021.11.30"]
[SourceQuality "1"]
[WhiteTeam "Ourense Deportivo"]
[BlackTeam "Andreu Paterna"]
[WhiteTeamCountry "ESP"]
[BlackTeamCountry "ESP"]

1. e4 e5 2. Nf3 Nc6 3. Bb5 Nge7 4. Nc3 Ng6 5. d4 exd4 6. Nxd4 Nxd4 7. Qxd4 c6 8. Be2 Qb6 9. Qd3 Be7 10. 0-0 0-0 11. a4 d6 12. a5 Qc7 13. f4 Kh8 14. g3 f5 15. Bf3 fxe4 16. Bxe4 d5 17. Bxg6 hxg6 18. Be3 Bf5 19. Qd2 Bb4 20. a6 b6 21. Bd4 Qd7 22. Qf2 Rae8 23. Rfe1 Be4 24. Re2 Bxc3 25. Bxc3 g5 26. Rf1 Re7 27. Qe3 Qh3 28. f5 Rxf5 29. Rxf5 Qxf5 30. Qf2 Qc8 31. Qe3 Qf5 32. Qf2 Qc8 33. Qe3 Rf7 34. Qxg5 Qf8 35. Re1 Kg8 36. Qd2 Rf3 37. Bd4 Qf5 38. Qe2 c5 39. Be3 Bxc2 40. Bf4 Be4 41. Rf1 Rxf1+ 42. Qxf1 Bd3 43. Qe1 Bxa6 44. Bb8 d4 45. h3 d3 46. g4 Qd7 47. Bf4 Bb7 48. Kh2 Qc6 49. Qf2 a5 50. Kg3 a4 51. Qe3 Qg2+ 52. Kh4 Qe2 53. Qxe2 dxe2 54. Bd2 b5 55. Kg3 b4 56. Kf2 Bf3 57. Bf4 a3 58. bxa3 bxa3 59. g5 g6 60. Bc1 a2 61. Bb2 Kf7 62. Ke1 Ke6 63. Kd2 Kd5 64. Ba1 Kc4 65. Bf6 Kb3 66. Bg7 c4 67. Ba1 c3+ 68. Ke1 c2 0-1